20 Cidades Européias mais Populosas - Morte Subita - Statistics

Estatísticas Gerais
  • Esse quiz foi jogado 299 vezes
  • A pontuação média é 5 de 20
Answers on the Grid
Answers color-coded by a green-red scale on the quiz's grid according to % correct below.
Istambul
Moscou
Londres
São Petersburgo
Berlim
Madrid
Kiev
Roma
Paris
Barcelona
Milão
Ecaterimburgo
Bucareste
Minsk
Viena
Hamburgo
Varsóvia
Munique
Budapeste
Belgrado
Praga
Bruxelas
Sofia
Ierevan
Dublin
Manchester
Liverpool
Frankfurt
Napoles
Veneza
Tbilisi
Rostov
Oslo
Helsinque
Cracóvia
Zagreb
Valencia
Bilbao
Riga
Malaga
Odessa
Donetsk
Lyon
Copenhague
Leeds
Krasnodar
Glasgow
Edimburgo
Dortmund
Salonica
 
Estatísticas das Respostas
Resposta % Correto
Londres
62%
Paris
60%
Madrid
52%
Roma
47%
Moscou
45%
Barcelona
40%
Istambul
40%
Berlim
38%
Milão
36%
Munique
32%
São Petersburgo
30%
Kiev
15%
Budapeste
10%
Varsóvia
10%
Viena
10%
Hamburgo
6%
Minsk
5%
Bucareste
3%
Belgrado
2%
Ecaterimburgo
2%
Nenhum quiz correspondente encontrado
Distribuição das Pontuações
Porcentagem de Pessoas com Cada Pontuação
Percentil de Números Respondidos
Sua Pontuação Histórica
Você não jogou esse quiz